000 01077pam a2200313 a 4500
001 14116
003 BD-RjUL
005 20211208235556.0
008 140205s1997 caua b 001 0 eng
020 _a0127037837 (set : cased)
020 _a0127037810 (v. 1 : alk. paper)
020 _a0127037829 (v. 2 : alk. paper)
035 _a(BD-RjUL)14168
040 _aDLC
_cDLC
_dDLC
_beng
041 _aeng
082 0 0 _a620.19204296
_220
_bTHE 1997
245 0 0 _aThermal characterization of polymeric materials /
_cedited by Edith A. Turi.
250 _a2nd ed.
260 _aSan Diego :
_bAcademic Press,
_cc1997.
300 _aV. :
_bill. ;
_c24 cm.
504 _aIncludes bibliographical references and indexes.
505 0 _aVol. 1---Vol. 2 --
650 0 _aPolymers
_xThermal properties.
_944092
700 1 _aTuri, Edith A.
_944093
856 4 2 _3Publisher description
_uhttp://www.loc.gov/catdir/description/els032/96028565.html
856 4 1 _3Table of contents
_uhttp://www.loc.gov/catdir/toc/els032/96028565.html
942 _2ddc
_cBK
999 _c14116
_d14116